000 01164nam a2200433Ia 4500
003 EC-GqESP
005 20251106103337.0
008 250425s9999 xx 000 0 und d
010 _a100762
020 _a013617549X
041 _aeng
082 _a658.4032
_pAHU
100 _aAHUJA, RAVINDRA K.
245 0 _aNETWORK FLOWS: THEORY, ALGORITHMS, AND APPLICATIONS
250 _a1TH ED.
260 _aEstados Unidos
_bPRENTICE HALL
_c1993
260 _aUPPER SADDLE RIVER
300 _a846
650 _aALGORITMOS INFORMATICOS
650 _aALGORITMOS INFORMATICOS
650 _aALGORITMOS INFORMATICOS
650 _aALGORITMOS INFORMATICOS
650 _aALGORITMOS INFORMATICOS
650 _aANALISIS DE REDES-PLANIFICACION
650 _aANALISIS DE REDES-PLANIFICACION
650 _aOPTIMIZACION MATEMATICA
650 _aOPTIMIZACION MATEMATICA
650 _aREDES DE FLUJO
650 _aREDES DE FLUJO
650 _aREDES DE FLUJO
650 _aREDES DE FLUJO
650 _aREDES DE FLUJO
650 _aTEORIAS
650 _aTEORIAS
650 _aTEORIAS
650 _aTEORIAS
650 _aTEORIAS
942 _c01
999 _c234848
_d234848